Microeconomics (Record no. 9131)
[ view plain ]
| 000 -LEADER | |
|---|---|
| fixed length control field | 00497nam a22001937a 4500 |
| 003 - CONTROL NUMBER IDENTIFIER | |
| control field | OSt |
| 005 - DATE AND TIME OF LATEST TRANSACTION | |
| control field | 20240710095816.0 |
| 008 - FIXED-LENGTH DATA ELEMENTS--GENERAL INFORMATION | |
| fixed length control field | 240710b |||||||| |||| 00| 0 eng d |
| 020 ## - INTERNATIONAL STANDARD BOOK NUMBER | |
| International Standard Book Number | 9780324785753 |
| 040 ## - CATALOGING SOURCE | |
| Transcribing agency | MUST |
| 082 ## - DEWEY DECIMAL CLASSIFICATION NUMBER | |
| Edition number | 22 |
| Classification number | 388.5 ARN 2008 |
| 100 ## - MAIN ENTRY--PERSONAL NAME | |
| Personal name | Arnold, Roger A. |
| 9 (RLIN) | 18587 |
| 245 ## - TITLE STATEMENT | |
| Title | Microeconomics |
| Statement of responsibility, etc. | Roger A. Arnold |
| 250 ## - EDITION STATEMENT | |
| Edition statement | 9th ed |
| 300 ## - PHYSICAL DESCRIPTION | |
| Extent | xxiv, 551p. |
| Other physical details | col. ill. |
| Dimensions | 26cm |
| 504 ## - BIBLIOGRAPHY, ETC. NOTE | |
| Bibliography, etc | Glossary and index included |
| 650 ## - SUBJECT ADDED ENTRY--TOPICAL TERM | |
| Source of heading or term | microeconomics |
| 942 ## - ADDED ENTRY ELEMENTS (KOHA) | |
| Source of classification or shelving scheme | Dewey Decimal Classification |
| Koha item type | Open Shelf |
| Withdrawn status | Lost status | Source of classification or shelving scheme | Damaged status | Not for loan | Home library | Current library | Date acquired | Inventory number | Total Checkouts | Full call number | Barcode | Date last seen | Price effective from | Koha item type |
|---|---|---|---|---|---|---|---|---|---|---|---|---|---|---|
| Dewey Decimal Classification | MUST Main Library | MUST Main Library | 10/07/2024 | 14/37487 | 388.5 ARN 2008 | 2024-21888 | 10/07/2024 | 10/07/2024 | Open Shelf |
